000
00310nam a22001337a 4500
008
171204b xxu||||| |||| 00| 0 eng d
020
_a
9781580400640
041
_a
eng
080
_a
612.39
100
_a
10
101
_a
NUT
245
_a
COCINADO PARA LATINOS CON DIABETES
_c
OLGA.V..F
942
_2
udc
_c
BK
999
_c
38775
_d
38775